Rozvíjení interkulturní komunikační kompetence ve výuce cizích jazyků / kolektiv autorů
Record details
- ISBN: 978-80-261-0666-1
- Physical Description: iv, 160 stran : ilustrace ; 21 cm
- Edition: První vydání
- Publisher: Plzeň : Západočeská univerzita v Plzni, 2016
Content descriptions
| Bibliography, etc. Note: | Obsahuje bibliografii, bibliografické odkazy a rejstříky |
| Language Note: | České a anglické resumé |
Search for related items by subject
| Subject: | jazyková výuka interkulturní komunikace komunikační dovednosti |
| Genre: | kolektivní monografie |
Available copies
- 1 of 1 copy available at Common Catalog SPOK.
Holds
- 0 current holds with 1 total copy.
Show Only Available Copies
| Location | Call Number / Copy Notes | Barcode | Shelving Location | Status | Due Date |
|---|---|---|---|---|---|
| Jabok Library | Ped-3.5.4/R | 424480040479 | Odborná literatura | Available | - |
| LDR | 01672nam a2200493 i 4500 | ||
|---|---|---|---|
| 001 | 30072 | ||
| 003 | CZ-PrJAB | ||
| 005 | 20200615083819.0 | ||
| 007 | ta | ||
| 008 | 170816s2016 xr a f 001 0 cze | ||
| 015 | . | ‡zcnb002867813 | |
| 020 | . | ‡a978-80-261-0666-1 ‡q(brožováno) | |
| 035 | . | ‡a(CZ PrSKC)000890264 | |
| 035 | . | ‡a(OCoLC)975029646 | |
| 040 | . | ‡aABA001 ‡bcze ‡erda | |
| 041 | 0 | . | ‡acze ‡bcze ‡beng |
| 072 | 7. | ‡a81 ‡xLingvistika. Jazyky ‡2Konspekt ‡911 | |
| 080 | . | ‡a81'24 ‡2MRF | |
| 080 | . | ‡a316.772.4 ‡2MRF | |
| 080 | . | ‡a316.77:81'42 ‡2MRF | |
| 080 | . | ‡a(048.8:082) ‡2MRF | |
| 245 | 0 | 0. | ‡aRozvíjení interkulturní komunikační kompetence ve výuce cizích jazyků / ‡ckolektiv autorů |
| 250 | . | ‡aPrvní vydání | |
| 264 | 1. | ‡aPlzeň : ‡bZápadočeská univerzita v Plzni, ‡c2016 | |
| 300 | . | ‡aiv, 160 stran : ‡bilustrace ; ‡c21 cm | |
| 336 | . | ‡atext ‡btxt ‡2rdacontent | |
| 337 | . | ‡abez média ‡bn ‡2rdamedia | |
| 338 | . | ‡asvazek ‡bnc ‡2rdacarrier | |
| 504 | . | ‡aObsahuje bibliografii, bibliografické odkazy a rejstříky | |
| 546 | . | ‡aČeské a anglické resumé | |
| 650 | 0 | 7. | ‡ajazyková výuka ‡7ph162894 ‡2czenas |
| 650 | 0 | 7. | ‡ainterkulturní komunikace ‡7ph121149 ‡2czenas |
| 650 | 0 | 7. | ‡akomunikační dovednosti ‡7ph180925 ‡2czenas |
| 655 | 7. | ‡akolektivní monografie ‡7fd501537 ‡2czenas | |
| 910 | . | ‡aABG312 | |
| 901 | . | ‡a30072 ‡bCZ PrSKC ‡c30072 ‡tbiblio | |